Loading...
| History - American | 1 | 4 | 0 | 1 | 55 | 59 | 97.80 | 0 | 1 | 8.96 | 13.60 |
| Social Science | 0 | 3 | 0 | 0 | 30 | 66 | 71.67 | 1 | 3 | 5.80 | 11.67 |
| Literature - World | 0 | 1 | 0 | 0 | 10 | 98 | 98.00 | 0 | 0 | 2.07 | 3.25 |
| Fine Arts - Other Arts | 0 | 1 | 0 | 0 | 10 | 131 | 131.00 | 0 | 0 | 0.05 | 0.71 |
| Visual Arts | 0 | 1 | 0 | 0 | 10 | 119 | 119.00 | 0 | 1 | 1.11 | 5.00 |
| History - World | 0 | 2 | 2 | 0 | 10 | 88 | 95.00 | 0 | 2 | 4.43 | 12.39 |
| Beliefs | 0 | 1 | 1 | 0 | 5 | 130 | 130.00 | 0 | 0 | 0.26 | 1.00 |
| History - Ancient | 0 | 1 | 1 | 0 | 5 | 97 | 97.00 | 0 | 0 | 3.84 | 9.09 |
| Philosophy | 0 | 1 | 1 | 0 | 5 | 109 | 109.00 | 0 | 0 | 1.46 | 5.00 |
| Science - Other | 0 | 0 | 1 | 0 | -5 | 0.00 | 0 | 0 | 0.00 | 0.00 | |
| Literature - American | 0 | 0 | 1 | 0 | -5 | 0.00 | 0 | 0 | 0.00 | 0.00 | |
| Modern World | 0 | 0 | 1 | 0 | -5 | 0.00 | 0 | 0 | 0.00 | 0.00 | |
| History - European | 0 | 0 | 2 | 0 | -10 | 0.00 | 0 | 0 | 0.00 | 0.00 |